[Event "La Paz op 2nd"]
[Site "La Paz"]
[Date "2014.11.14"]
[Round "3"]
[White "Medrano, Mario"]
[Black "Sanchez C, Jorge"]
[Result "0-1"]
[WhiteElo "2043"]
[BlackElo "2122"]
[PlyCount "105"]
[EventDate "2014.11.13"]
[EventType "swiss"]
[EventRounds "7"]
[EventCountry "BOL"]
[SourceTitle "CBM 163 Extra"]
[Source "ChessBase"]
[SourceDate "2014.12.23"]
[SourceVersion "1"]
[SourceVersionDate "2014.12.23"]
[SourceQuality "1"]

1. e4 e5 2. Nf3 Nc6 3. Bb5 Bc5 4. d3 Nd4 5. Nxd4 Bxd4 6. c3 Bb6 7. 0-0 Qh4 8. Nd2 Nf6 9. Qf3 0-0 10. Nc4 d6 11. Qg3 Qxg3 12. hxg3 h6 13. Nxb6 axb6 14. Bc4 Be6 15. Bxe6 fxe6 16. f3 Nd7 17. Be3 Ra4 18. Rfd1 Rfa8 19. a3 b5 20. Rac1 b6 21. Kh2 Kf7 22. Kh3 Kg6 23. Rc2 Rf8 24. g4 Rf7 25. Rf1 d5 26. g3 dxe4 27. dxe4 Rxe4 28. Bc1 Nc5 29. Kg2 Ra4 30. Re2 e4 31. f4 Rc4 32. Be3 Nd3 33. Bd4 e5 34. b3 exf4 35. gxf4 Rxd4 36. f5+ Kg5 37. cxd4 Nf4+ 38. Kf2 Nxe2 39. Kxe2 Kxg4 40. Ke3 Re7 41. f6 gxf6 42. Rxf6 h5 43. Rg6+ Kf5 44. Rg1 h4 45. Rg8 h3 46. Rh8 Kg4 47. Rg8+ Kh4 48. Rh8+ Kg3 49. Rg8+ Kh2 50. Rg6 Kh1 51. a4 bxa4 52. bxa4 h2 53. Rg4 0-1